Cargando...

How men have kept their records. /

Detalles Bibliográficos
Autor principal: Lipman, Michael
Lenguaje:Undetermined
Publicado: Cambridge : Orthological Institute ,
Colección:Our changing times
Materias:
LEADER 00473nam a2200145Ia 4500
001 128608
008 170722s9999 xx 000 0 und d
100 |a Lipman, Michael 
245 |a How men have kept their records. / 
260 |a Cambridge :  |b Orthological Institute , 
490 |a Our changing times 
653 |a English Reader 
942 |c GEN 
999 |c 85450  |d 85450 
952 |0 0  |1 0  |4 0  |6 P_9_J04  |7 0  |8 LC1  |9 119665  |a LIB  |b LIB  |d 2017-08-12  |h LC1  |o P-,9 J04  |p 149961  |r 2017-08-12  |w 2017-08-12  |y GEN